LEADER 00874nam0-22002771i-450- 001 990001047400403321 010 $a90-277-1617-X 035 $a000104740 035 $aFED01000104740 035 $a(Aleph)000104740FED01 035 $a000104740 100 $a20000920d1984----km-y0itay50------ba 101 0 $aeng 200 1 $aStochastic Quantum Mechanics and Quantum Spacetime$eA Consistent Unification of Relativity and Quantum Theory Based on Stochastic Spaces$fby Eduard Prugovecki 210 $aDordrecht (NL)$cReidel$d1984 610 0 $aMeccanica quantistica 676 $a530.12 700 1$aPrugovecki,$bEduard$040452 801 0$aIT$bUNINA$gRICA$2UNIMARC 901 $aBK 912 $a990001047400403321 952 $a22-173$b14246$fFI1 959 $aFI1 996 $aStochastic quantum mechanics and quantum spacetime$9191143 997 $aUNINA DB $aING01 LEADER 01444nam 2200349Ia 450 001 996396571703316 005 20221108065130.0 035 $a(CKB)4940000000056861 035 $a(EEBO)2240955074 035 $a(OCoLC)12255632 035 $a(EXLCZ)994940000000056861 100 $a19850711d1683 uy | 101 0 $aeng 135 $aurbn||||a|bb| 200 14$aThe anatomy of an horse$b[electronic resource] $econtaining an exact and full description of the frame, situation and connexion of all his parts, (with their actions and uses) exprest in forty-nine copper-plates) : to which is added an appendix containing two discourses, the one, of the generation of animals, and the other, of the motion of the chyle, and the circulation of the bloud /$fby Andrew Snape .. 210 $aLondon $cPrinted by M. Flesher for the authour, and are to be sold by T. Flesher ...$d1683 215 $a[14], 237, [1], 45, [6] p., 49 p. of plates $cill 300 $aReproduction of original in Huntington Library. 300 $aTable of contents: p. [2]-[6] at end. 300 $aErrata: p. [6] 330 $aeebo-0113 606 $aHorses$xAnatomy$vEarly works to 1800 615 0$aHorses$xAnatomy 700 $aSnape$b Andrew$fb. 1644.$01002481 801 0$bEAA 801 1$bEAA 801 2$bm/c 801 2$bWaOLN 906 $aBOOK 912 $a996396571703316 996 $aThe anatomy of an horse$92324145 997 $aUNISA LEADER 05031nam 2200481 450 001 9910827933003321 005 20230213132826.0 010 $a2-335-05014-1 035 $a(CKB)3790000000024590 035 $a(EBL)2087868 035 $a(MiAaPQ)EBC2087868 035 $a(Au-PeEL)EBL2087868 035 $a(OCoLC)914149178 035 $a(EXLCZ)993790000000024590 100 $a20200121d2015 uy 0 101 0 $afre 135 $aur|n|---||||| 181 $ctxt$2rdacontent 182 $cc$2rdamedia 183 $acr$2rdacarrier 200 13$aLe spiritisme dans le monde $el'initiation et les sciences occultes dans l'Inde et chez tous les peuples de l'Antiquite? /$fLouis Jacolliot 210 1$a[Place of publication not identified] :$cLigaran,$d[2015] 210 4$d©2015 215 $a1 online resource (396 p.) 300 $aDescription based upon print version of record. 327 $aCouverture; Page de Copyright; Page de titre; Pre?face; « La veille du jour ou?...; PREMIE?RE PARTIE - La doctrine des Pitris et les sciences occultes dans l'Inde; CHAPITRE PREMIER - Les initie?s des temples anciens; CHAPITRE II - Les brahmes; CHAPITRE III - Du brahme depuis sa naissance jusqu'a? son noviciat; Ce?re?monie du Djata-Carma; Ce?re?monie du Nahma-Carma; Ce?re?monie de l'Anna-Prassana; La ce?re?monie du Tchaoula; CHAPITRE IV - Du brahme depuis son noviciat jusqu'a? son accession au premier degre? de l'initiation; La ce?re?monie de l'Oupanayana; CHAPITRE V - Du premier degre? d'initiation; Pro?mium 327 $aPREMIE?RE PARTIE - Re?gles des ablutionsDEUXIE?ME PARTIE - Re?gles d'ablutions ge?ne?rales; TROISIE?ME PARTIE - Des actes apre?s les ablutions; CHAPITRE VI - Du premier degre? d'initiation (Suite); CHAPITRE VII - Du deuxie?me degre? d'initiation; CHAPITRE VIII -Du troisie?me degre? d'initiation; CHAPITRE IX - Du grand conseil des initie?s; CHAPITRE X - Du choix du brahmatma; CHAPITRE XI - Les yoguys; DEUXIE?ME PARTIE - Doctrine philosophiques des initie?s de l'Inde sur la cause premie?re et le ro?le des esprits dans le monde 327 $aCHAPITRE PREMIER - Degre? de saintete? auquel doivent parvenir les initie?s avant de recevoir la formule supre?me et le secret qui donne la mortCHAPITRE II - Du gourou supe?rieur; CHAPITRE III - Le gourou; CHAPITRE IV - Du signe frontal des initie?s; CHAPITRE V - De l'interpre?tation des ve?das et autres ouvrages de l'e?criture sacre?e; CHAPITRE VI - Psychologie du livre des pitris; CHAPITRE VII - La raison; CHAPITRE VIII - Un texte des ve?das; CHAPITRE IX - Quelques slocas de Manou; CHAPITRE X - De l'E?tre supre?me; CHAPITRE XI - Paroles des pre?tres de Memphis a? l'initie? 327 $aCHAPITRE XII - Les formules des e?vocationsCHAPITRE XIII - Des formules - Des conjurations magiques; TROISIE?ME PARTIE - Comparaison de la doctrine des pitris avec celle de la kabale he?braique, de la philosophie de Platon, de l'e?cole d'Alexandrie, de Philon, des perses et du christianisme; CHAPITRE PREMIER - Origine de la cabale; CHAPITRE II - De l'interpre?tation des livres sacre?s d'apre?s les kabalistes he?brai?ques; CHAPITRE III - De l'initiation chez les kabalistes; CHAPITRE IV - De l'essence divine d'apre?s les kabalistes; CHAPITRE V - Les dix zephiroth; CHAPITRE VI - La trinite? des kabalistes 327 $aCHAPITRE VII - La croyance aux esprits inspirateurs et me?diateurs chez les kabalistes he?brai?quesCHAPITRE VIII - Rapports de la doctrine des pitris avec celle du Zend-Avesta des perses, avec la philosophie de Platon, de l'e?cole d'Alexandrie et les croyances chre?tiennes; QUATRIE?ME PARTIE - Phe?nome?nes et manifestations exte?rieures produits par les sectateurs des pitris ou initie?s des pagodes de l'Inde; Au lecteur; I; CHAPITRE PREMIER - Quels sont les initie?s en possession du pouvoir dit occulte; CHAPITRE II - Agasa; CHAPITRE III - Les fakirs charmeurs; CHAPITRE IV - La danse des feuilles 327 $aRecherches expe?rimentales sur la force psychique 330 $aExtrait : ""Ce n'est pas dans les ouvrages religieux de l'antiquite?, tels que les Ve?das, le Zend-Avesta, la Bible, qu'il faut aller chercher l'expression exacte des croyances e?leve?es de leur e?poque. E?crits pour e?tre lus, ou pluto?t chante?s dans les temples, aux jours de grandes fe?tes, ces Livres de la loi, conc?us dans un but de domination sacerdotale, n'avaient point mission de livrer au vulgaire, le secret des sciences...""A? PROPOS DES E?DITIONS LIGARANLes e?ditions LIGARAN proposent des versions nume?riques de qualite? de grands livres de la litte?rature classique mais e?galement des livres rares 606 $aOccultism$zIndia 615 0$aOccultism 676 $a001.96 700 $aJacolliot$b Louis$f1837-1890,$0177609 801 0$bMiAaPQ 801 1$bMiAaPQ 801 2$bMiAaPQ 906 $aBOOK 912 $a9910827933003321 996 $aLe spiritisme dans le monde$93937706 997 $aUNINA